[Event "AUTO-OPEN-4616"]
[Site "http://www.queenalice.com/game.php?id=1863449"]
[Date "2025.9.27"]
[Round "1"]
[White "Tonto"]
[Black "Pipo712"]
[Result "0-1"]
[WhiteElo "1999"]
[BlackElo "1955"]

1. e4 c5 2. Nf3 d6 3. d3 Nf6 4. Be2 e6 5. Bf4 Nbd7 6. Nbd2 Qc7 7. O-O Be7 8. Nc4
b5 9. Na3 a6 10. c3 Bb7 11. e5 dxe5 12. Nxe5 Nxe5 13. d4 Qc6 14. f3 Ned7 15. Nc2
O-O 16. Ne3 Nh5 17. Bg3 Nxg3 18. hxg3 Rfd8 19. b3 Bf6 20. Ng4 cxd4 21. Nxf6+
Nxf6 22. cxd4 Qd5 23. g4 Qxd4+ 24. Qxd4 Rxd4 25. f4 Rad8 26. g5 Nd5 27. g3 Nc3
28. Bf3 Bxf3 29. Rxf3 Rd1+ 30. Rxd1 Rxd1+ 31. Kf2 Nd5 32. Ke2 Ra1 33. a4 bxa4
34. bxa4 Rxa4 35. Rb3 g6 36. Kf3 a5 37. Rb8+ Kg7 38. Rb5 Ra3+ 39. Kg4 Ne3+ 40.
Kh4 Nf5+ 41. Kh3 a4 42. Kh2 Rxg3 43. Ra5 a3 44. Kh1 Rb3 45. Kg1 Rf3 46. Kg2 Rxf4
47. Rxa3 Rg4+ 48. Kf3 Rxg5 49. Kf4 Kf6 50. Rh3 h5 51. Rh1 e5+ 52. Ke4 Rg4+ 53.
Kd5 e4 54. Ra1 e3 55. Re1 h4 0-1

[Event "AUTO-OPEN-4616"]
[Site "http://www.queenalice.com/game.php?id=1863450"]
[Date "2025.9.27"]
[Round "1"]
[White "Pipo712"]
[Black "ricardoguevara"]
[Result "1-0"]
[WhiteElo "1864"]
[BlackElo "1440"]

1. e4 e5 2. Nf3 Nc6 3. Bb5 Nf6 4. O-O Bc5 5. Bxc6 dxc6 6. d3 O-O 7. Nbd2 Bg4 8.
Nc4 b5 9. Ncxe5 Bd4 10. Nxg4 Nxg4 11. Nxd4 Qd6 12. Qxg4 c5 13. Nf5 Qf6 14. Bh6
g6 15. Bxf8 Rxf8 16. b3 a5 17. f4 a4 18. Ng3 axb3 19. e5 Qe7 20. axb3 b4 21. Ne4
f5 22. exf6 Qf7 23. Ra7 Qd5 24. Rxc7 Qd4+ 25. Kh1 Qb2 26. Qd7 Qxc2 27. Qg7# 1-0

[Event "AUTO-OPEN-4616"]
[Site "http://www.queenalice.com/game.php?id=1863451"]
[Date "2025.9.27"]
[Round "1"]
[White "ricardoguevara"]
[Black "Pipo712"]
[Result "0-1"]
[WhiteElo "1422"]
[BlackElo "1865"]

1. e4 c5 2. Nc3 Nc6 3. Nf3 e5 4. Bc4 Be7 5. d3 Nf6 6. O-O d6 7. Nd5 Bg4 8. Nxf6+
Bxf6 9. Qe1 Nd4 10. Nxd4 cxd4 11. Qb4 O-O 12. c3 Qb6 13. Qxb6 axb6 14. cxd4 exd4
15. b4 Ra7 16. a4 Bd7 17. Bf4 Be5 18. Bxe5 dxe5 19. b5 Rfa8 20. Bb3 Bxb5 21. a5
Bxd3 22. Rfd1 Bb5 23. Rdc1 Bc6 24. g3 Rxa5 25. Rab1 Bxe4 26. Rc7 Bxb1 27. Rxb7
Be4 28. Rxb6 Ra1+ 29. Bd1 Rxd1# 0-1

[Event "AUTO-OPEN-4620"]
[Site "http://www.queenalice.com/game.php?id=1864492"]
[Date "2025.10.19"]
[Round "1"]
[White "Pipo712"]
[Black "TammieM3ENF"]
[Result "1-0"]
[WhiteElo "1861"]
[BlackElo "1560"]

1. e4 e5 2. Nf3 Nf6 3. Nxe5 Nxe4 4. Qe2 d6 5. Qxe4 Be7 6. Nf3 d5 7. Qe5 f6 8.
Qc3 d4 9. Qxd4 c6 10. Qxd8+ Bxd8 11. Bc4 b5 12. Bd3 g5 13. O-O h5 14. c3 c5 15.
Bxb5+ Bd7 16. Bxd7+ Kxd7 17. d4 cxd4 18. Nxd4 f5 19. Nxf5 g4 20. Be3 h4 21. Bd4
g3 22. Bxh8 Ke6 23. Nd4+ Ke7 24. fxg3 hxg3 25. Bf6+ Kd7 26. Bxd8 Kxd8 27. h3 a5
28. Na3 Kd7 29. Rad1 Nc6 30. Nxc6+ Kxc6 31. Rf6+ Kb7 32. Rd7+ Kb8 33. Rf8# 1-0

[Event "AUTO-OPEN-4620"]
[Site "http://www.queenalice.com/game.php?id=1864537"]
[Date "2025.10.19"]
[Round "1"]
[White "MarcosT"]
[Black "Pipo712"]
[Result "1-0"]
[WhiteElo "2141"]
[BlackElo "1866"]

1. d4 d5 2. e3 Nf6 3. Nd2 c6 4. f4 Bf5 5. Ngf3 e6 6. Be2 h6 7. O-O Nbd7 8. c3
Bd6 9. Ne5 Ne4 10. Nxe4 Bxe4 11. Bh5 O-O 12. Qg4 Bxe5 13. fxe5 g6 14. Qg3 Qg5
15. Qxg5 hxg5 16. Bf3 f5 17. Bxe4 dxe4 18. Bd2 f4 19. exf4 gxf4 20. Bxf4 Rf5 21.
Rae1 Raf8 22. Bc1 Nb6 23. b3 Nd5 24. Bd2 e3 25. Rxf5 Rxf5 26. Bxe3 Nxc3 27. a4
Kg7 28. Bd2 Nd5 29. Rf1 Rxf1+ 30. Kxf1 b6 31. a5 b5 32. b4 a6 33. g4 Kh7 34. h3
Kg7 35. Ke2 Kh7 36. Kf3 Kg7 37. h4 Kh7 38. h5 gxh5 39. gxh5 Kg7 40. Kg4 Kh7 41.
Kg5 Kg7 42. h6+ Kh7 43. Kh5 Ne7 44. Be1 Nd5 45. Kg5 Nc7 46. Kf6 Kxh6 47. Ke7 1-0

[Event "AUTO-OPEN-4620"]
[Site "http://www.queenalice.com/game.php?id=1864538"]
[Date "2025.10.19"]
[Round "1"]
[White "Pipo712"]
[Black "MarcosT"]
[Result "1-0"]
[WhiteElo "1836"]
[BlackElo "2126"]

1. e4 e5 2. Nf3 Nf6 3. Nxe5 Nxe4 4. Qe2 d5 5. f3 Qh4+ 6. g3 Nxg3 7. Qf2 Nf5 8.
Nc3 Qxf2+ 9. Kxf2 Bc5+ 10. Kg2 Be6 11. a3 Nd7 12. Nxd7 Kxd7 13. Na4 Bd6 14. c3
Nh4+ 15. Kf2 g5 16. d4 f5 17. Bxg5 Be7 18. Bxe7 Kxe7 19. Nc5 b6 20. Nxe6 Kxe6
21. Re1+ Kd6 22. Re5 Rhg8 23. Bh3 Raf8 24. Rhe1 Rf6 25. Re7 h6 26. Rh7 Re6 27.
Rxe6+ Kxe6 28. Rxc7 Ng6 29. Rxa7 Nf4 30. Bf1 Rb8 31. a4 Kd6 32. Rh7 h5 33. Kg3
Ne6 34. Rxh5 Rg8+ 35. Kf2 Nf4 36. Rxf5 Ng6 37. Rg5 Ne7 38. Rxg8 Nxg8 39. Kg3 1-0

[Event "AUTO-ADV-4899"]
[Site "http://www.queenalice.com/game.php?id=1864560"]
[Date "2025.10.20"]
[Round "1"]
[White "game"]
[Black "Pipo712"]
[Result "0-1"]
[WhiteElo "1665"]
[BlackElo "1798"]

1. e4 c5 2. Nc3 Nc6 3. Bc4 e6 4. d3 Nf6 5. e5 Nxe5 6. Nb5 d5 7. Nf3 Nxf3+ 8.
Qxf3 dxc4 9. O-O cxd3 10. Rd1 Qb6 11. Qxd3 a6 12. Nc3 Be7 13. Qg3 O-O 14. Be3
Qc6 15. Bh6 Ne8 16. Rd3 Kh8 17. Qg4 gxh6 18. Rh3 Nf6 19. Qh4 Rg8 20. Re1 Qxg2#
0-1

[Event "AUTO-ADV-4899"]
[Site "http://www.queenalice.com/game.php?id=1864561"]
[Date "2025.10.20"]
[Round "1"]
[White "Pipo712"]
[Black "game"]
[Result "1-0"]
[WhiteElo "1809"]
[BlackElo "1654"]

1. e4 c5 2. Nf3 Nc6 3. d4 d6 4. dxc5 e5 5. cxd6 Bxd6 6. Be3 Nb4 7. Nc3 Be6 8.
Nb5 Be7 9. a3 Nc6 10. Be2 Qa5+ 11. b4 Qd8 12. c4 a5 13. O-O Nf6 14. Nd2 Nd4 15.
Bxd4 exd4 16. Nb3 a4 17. N3xd4 Nxe4 18. Nxe6 fxe6 19. Qc2 Bf6 20. Rad1 Qc7 21.
Nxc7+ 1-0

[Event "AUTO-ADV-4899"]
[Site "http://www.queenalice.com/game.php?id=1864576"]
[Date "2025.10.20"]
[Round "1"]
[White "Pipo712"]
[Black "Capixabba789"]
[Result "1-0"]
[WhiteElo "1778"]
[BlackElo "1883"]

1. d4 d5 2. c4 Nf6 3. Nf3 e6 4. g3 Be7 5. Bg2 O-O 6. O-O c6 7. b3 dxc4 8. bxc4
Na6 9. Bb2 Nc7 10. Nbd2 Nce8 11. Re1 g6 12. e4 Ng7 13. h3 Bd7 14. e5 Nfh5 15.
Ne4 f5 16. Nc3 Ne8 17. Qb3 f4 18. g4 Nhg7 19. Ne4 b6 20. Red1 Qc8 21. Rac1 Rb8
22. d5 cxd5 23. cxd5 Kh8 24. Rxc8 1-0

[Event "AUTO-ADV-4899"]
[Site "http://www.queenalice.com/game.php?id=1864577"]
[Date "2025.10.20"]
[Round "1"]
[White "Capixabba789"]
[Black "Pipo712"]
[Result "0-1"]
[WhiteElo "1852"]
[BlackElo "1819"]

1. d4 d5 2. Nc3 e6 3. f4 Nf6 4. Nf3 Nbd7 5. e3 Be7 6. Bd3 c5 7. dxc5 Bxc5 8. O-O
a6 9. Nd4 b5 10. Qf3 Qb6 11. Qf2 O-O 12. a4 b4 13. a5 Qc7 14. Nce2 Bb7 15. Qg3
Ne4 16. Qh3 Ndf6 17. Ng3 g6 18. b3 e5 19. Nde2 Bc8 20. Qh4 Ng4 21. f5 Nxe3 22.
fxg6 Nf5+ 23. Kh1 Nxh4 24. gxh7+ Kxh7 25. Nxe4 f5 26. Ng5+ Kg6 27. Ng3 e4 28.
Bf4 Bd6 29. Bxd6 Qxd6 0-1

[Event "AUTO-ADV-4899"]
[Site "http://www.queenalice.com/game.php?id=1864578"]
[Date "2025.10.20"]
[Round "1"]
[White "Pipo712"]
[Black "maurice916"]
[Result "1-0"]
[WhiteElo "1867"]
[BlackElo "1768"]

1. e4 c6 2. d4 d5 3. Nc3 dxe4 4. Nxe4 Nf6 5. Nxf6+ exf6 6. c3 Bd6 7. Bd3 O-O 8.
Ne2 Re8 9. Qc2 h5 10. O-O Bc7 11. h3 Nd7 12. f4 Nf8 13. a4 b6 14. Bd2 Bb7 15.
Rae1 Qd6 16. Ng3 g6 17. Ne4 Qe6 18. Nc5 Qc8 19. Rxe8 Qxe8 20. Nxb7 Rb8 21. Ba6
Ne6 22. Qe4 f5 23. Qd3 Qd7 24. h4 c5 25. d5 Nd8 26. Bb5 Qe7 27. Re1 Qf6 28. Re8+
Kg7 29. Nxd8 Rxd8 30. Rxd8 Bxd8 31. g3 Bc7 32. c4 Qe7 33. Qe3 f6 34. Qxe7+ 1-0

[Event "AUTO-ADV-4899"]
[Site "http://www.queenalice.com/game.php?id=1864579"]
[Date "2025.10.20"]
[Round "1"]
[White "maurice916"]
[Black "Pipo712"]
[Result "0-1"]
[WhiteElo "1696"]
[BlackElo "1877"]

1. Nf3 d5 2. b3 Nf6 3. Bb2 Bf5 4. e3 e6 5. c4 c6 6. Be2 Nbd7 7. d4 Be7 8. Nbd2
O-O 9. O-O h6 10. Rc1 a5 11. Re1 dxc4 12. bxc4 a4 13. a3 Bd6 14. c5 Bb8 15. Nf1
Qc7 16. g3 Re8 17. Bc4 Ne4 18. Be2 Rd8 19. Bd3 Ndf6 20. Ne5 Qa5 21. Nc4 Qc7 22.
f3 Nxc5 23. Bxf5 exf5 24. Qe2 Nb3 25. Ne5 Nxc1 26. Rxc1 Ra5 27. e4 fxe4 28. fxe4
Nd7 29. Nd3 Ba7 30. Kg2 Nf8 31. d5 c5 32. Be5 Qd7 33. Ne3 Ng6 34. Ba1 Re8 35.
Nc4 Rb5 36. d6 Qe6 37. e5 Rb3 38. Qe4 Qc8 39. Bc3 Qc6 40. Qxc6 bxc6 41. Ba5 Nf8
42. Nf4 Nd7 43. Bc3 Nb6 44. Na5 Nd5 45. Nxb3 axb3 46. Nxd5 cxd5 47. Re1 d4 48.
Bb2 c4 49. Kf3 c3 50. Bc1 d3 51. Re4 b2 52. Bxb2 cxb2 53. Rb4 Rb8 54. Rxb2 Rxb2
55. d7 Bb6 56. Ke4 d2 0-1

[Event "AUTO-ADV-4904"]
[Site "http://www.queenalice.com/game.php?id=1865720"]
[Date "2025.11.18"]
[Round "1"]
[White "Pipo712"]
[Black "chessman"]
[Result "1-0"]
[WhiteElo "1973"]
[BlackElo "2099"]

1. e4 e6 2. d4 d5 3. Nc3 dxe4 4. Nxe4 Nd7 5. Nf3 Ngf6 6. Bg5 Be7 7. Nxf6+ Nxf6
8. Bd3 O-O 9. c3 a6 10. Qc2 c6 11. Bxf6 Bxf6 12. Bxh7+ Kh8 13. Be4 Qe7 14. O-O
Rd8 15. Rfe1 Bd7 16. Rad1 c5 17. Ne5 cxd4 18. cxd4 Rac8 19. Qd3 Kg8 20. Qh3 1-0

[Event "AUTO-ADV-4904"]
[Site "http://www.queenalice.com/game.php?id=1865722"]
[Date "2025.11.18"]
[Round "1"]
[White "Pipo712"]
[Black "Capixaba789"]
[Result "1/2-1/2"]
[WhiteElo "1948"]
[BlackElo "1831"]

1. e4 e5 2. Nf3 d6 3. d4 exd4 4. Nxd4 Nf6 5. Nc3 Be7 6. Bf4 O-O 7. Be2 Bd7 8. h3
Nc6 9. Qd2 Nxd4 10. Qxd4 Bc6 11. g4 a6 12. h4 b5 13. g5 Nd7 14. O-O-O Nc5 15. f3
Qc8 16. Nd5 Re8 17. h5 Bf8 18. h6 Qe6 19. Nxc7 Qxa2 20. Nxa8 Bxa8 21. Bxd6 Ne6
22. Qc3 Bb7 23. Bxf8 Rxf8 24. Rh2 Qa4 25. Rdh1 Rc8 26. Qd3 Qa1+ 27. Kd2 Qxb2 28.
hxg7 Rd8 29. Qxd8+ Nxd8 30. Rxh7 Qd4+ 31. Bd3 Qf2+ 32. Kc1 Ne6 33. Rh8+ Kxg7 34.
R1h7+ Kg6 35. e5+ Kxg5 36. Rg8+ Kf4 37. Rxf7+ Kxe5 38. Rxb7 Qe3+ 39. Kb1 Qe1+
40. Kb2 Qb4+ 41. Kc1 Qe1+ 42. Kb2 Qb4+ 43. Kc1 Qe1+ 44. Kb2 1/2-1/2

[Event "AUTO-ADV-4904"]
[Site "http://www.queenalice.com/game.php?id=1865723"]
[Date "2025.11.18"]
[Round "1"]
[White "Capixaba789"]
[Black "Pipo712"]
[Result "0-1"]
[WhiteElo "1843"]
[BlackElo "1936"]

1. d4 d5 2. Nc3 Nf6 3. f4 b6 4. Nf3 Bb7 5. e3 e6 6. Bd3 Nbd7 7. O-O Be7 8. Qe1
O-O 9. Bd2 a6 10. Ne5 c5 11. Ne2 c4 12. Nxc4 dxc4 13. Bxc4 Rc8 14. Bd3 Qc7 15.
Ng3 Qb8 16. c4 Qa8 17. e4 Kh8 18. Qe2 Rfd8 19. e5 Ne8 20. b3 Nf8 21. Be3 g6 22.
d5 exd5 23. Qb2 d4 24. Bc1 Bb4 25. Qe2 Ne6 26. f5 Nc5 27. fxg6 fxg6 28. Bh6 Nc7
29. Rad1 N7e6 30. Rf7 Nxd3 31. Rxd3 Nc5 32. Bg7+ Kg8 33. Rxb7 Qxb7 34. Bf6 Nxd3
35. Qxd3 Rf8 36. Ne4 Bc5 37. Ng5 Rxf6 38. exf6 Rf8 39. f7+ Rxf7 40. Nxf7 Qxf7
0-1

[Event "AUTO-OPEN-4625"]
[Site "http://www.queenalice.com/game.php?id=1865881"]
[Date "2025.11.20"]
[Round "1"]
[White "BeatifulDevil56"]
[Black "Pipo712"]
[Result "0-1"]
[WhiteElo "2159"]
[BlackElo "1994"]

1. c4 Nf6 2. d4 e6 3. Nc3 Bb4 4. Bd2 c5 5. a3 Bxc3 6. Bxc3 Ne4 7. Rc1 Nxc3 8.
Rxc3 cxd4 9. Qxd4 Qf6 10. Qxf6 gxf6 11. e3 a5 12. a4 Nc6 13. Be2 Rg8 14. g3 Nb4
15. Nf3 d6 16. Nd4 Bd7 17. b3 Ke7 18. c5 d5 19. O-O Rgc8 20. Bb5 e5 21. Bxd7
Kxd7 22. Nb5 Rc6 23. Rd1 Rac8 24. Rdc1 Na2 0-1

[Event "AUTO-MASTER-3289"]
[Site "http://www.queenalice.com/game.php?id=1866182"]
[Date "2025.11.26"]
[Round "1"]
[White "Capixaba789"]
[Black "Pipo712"]
[Result "0-1"]
[WhiteElo "1850"]
[BlackElo "2023"]

1. d4 d5 2. Nc3 e6 3. e4 Nf6 4. e5 Nfd7 5. f4 c5 6. Nf3 Nc6 7. dxc5 Bxc5 8. Bd3
a6 9. Qe2 b5 10. Bd2 Qb6 11. O-O-O Bb7 12. Ng5 h6 13. Qh5 Nd8 14. Nf3 g6 15. Qh3
Be7 16. g4 Nc5 17. Be2 b4 18. Nb1 Ne4 19. Qf1 Rc8 20. Bd3 Nf2 0-1

[Event "AUTO-MASTER-3289"]
[Site "http://www.queenalice.com/game.php?id=1866183"]
[Date "2025.11.26"]
[Round "1"]
[White "Pipo712"]
[Black "Capixaba789"]
[Result "1-0"]
[WhiteElo "2032"]
[BlackElo "1841"]

1. d4 d5 2. c4 Nf6 3. cxd5 Nxd5 4. e4 Nb6 5. Nc3 e6 6. f4 Be7 7. Nf3 N8d7 8. Be3
Nf6 9. Bd3 Ng4 10. Bg1 Bh4+ 11. g3 Be7 12. h3 Nf6 13. Rc1 Bd7 14. Ne5 c6 15. g4
Bc8 16. Bf2 h6 17. O-O Nbd7 18. Bb1 Qc7 19. Qf3 b6 20. g5 hxg5 21. fxg5 Nxe5 22.
dxe5 Nh5 23. Be3 1-0